IFM Opac

The Pyramid Principle: Logic in Writing and Thinking (Record no. 11848)

MARC details
000 -LEADER
fixed length control field 00480nam a2200169Ia 4500
020 ## - INTERNATIONAL STANDARD BOOK NUMBER
International Standard Book Number 0 273 03345 x
082 ## - DEWEY DECIMAL CLASSIFICATION NUMBER
Classification number 808.042 MIN
100 ## - MAIN ENTRY--PERSONAL NAME
Personal name MINTO, Barbara
9 (RLIN) 7334
245 #4 - TITLE STATEMENT
Title The Pyramid Principle: Logic in Writing and Thinking
260 ## - PUBLICATION, DISTRIBUTION, ETC.
Place of publication, distribution, etc. London:
260 ## - PUBLICATION, DISTRIBUTION, ETC.
Name of publisher, distributor, etc. Pitman Publishing
260 ## - PUBLICATION, DISTRIBUTION, ETC.
Date of publication, distribution, etc. 1987
300 ## - PHYSICAL DESCRIPTION
Extent 162p.
Other physical details : ill.; 25cm.
500 ## - GENERAL NOTE
General note Includes biographiacal references.
650 ## - SUBJECT ADDED ENTRY--TOPICAL TERM
Topical term or geographic name entry element English language --Business EnglishBusiness writing.
9 (RLIN) 8460
942 ## - ADDED ENTRY ELEMENTS (KOHA)
Koha item type Books

No items available.